00802nam a2200229 a 450000100100000000500170001000800410002702000180006804000250008608200190011110000380013024500750016826000650024330000210030849000270032950000700035665000300042665000300045665000270048665000320051383000270054500003989320201002033808.0130726s2013 dr 001 m spa d a9789945455977 aDO-SdBNPbspacBNPHU aPR868.5bC828c1 aCortés Vélez, Dinorah,d1971-10aCuarentena y otras pejigueras menstruales /cDinorah Cortés Vélez. aSan Juan, Puerto Rico :aSanto Domingo :bIsla Negra,c2013. a122 p. ;c23 cm.1 aLos Nuevos Caníbales aIncluye datos biográficos del autor en la solapa de la cubierta 4aPoesía puertorriqueña 4aCuentos puertorriqueños 4aProsa puertorriqueña 4aLiteratura puertorriqueña 0aLos Nuevos Caníbales